[Event "SR 5. liga SE-SI 2013/2014"]
[Site "?"]
[Date "2014.02.15"]
[Round "8.2"]
[White "Nater, Nikolas"]
[Black "Nesnadny, Tomas"]
[Result "0-1"]
[WhiteElo "1000"]
[BlackElo "1000"]
[PlyCount "106"]
[EventDate "2013.??.??"]

1. e4 e5 2. Nf3 Nf6 3. Nc3 Nc6 4. Bc4 Qe7 5. Bd5 Nb4 6. Ng5 Nbxd5 7. exd5 d6 8.
O-O Bd7 9. d3 O-O-O 10. Nge4 Ng4 11. Bg5 Nf6 12. Bxf6 gxf6 13. d4 Bh6 14. Qd3
Bf5 15. Qc4 Rhg8 16. Nb5 Bxe4 17. dxe5 Rxg2+ 18. Kh1 Rg5+ 19. Qxe4 Rxe5 20. Qc4
f5 21. b3 Re2 22. a4 Re5 23. Rad1 Rd7 24. Nxa7+ Kd8 25. Qb4 Ke8 26. Qxb7 Qg5
27. Rg1 Qf4 28. Rg8+ Ke7 29. Nc6+ Kf6 30. Nxe5 dxe5 31. Qc6+ Rd6 32. Qe8 Qxf2
33. Rg7 Bxg7 34. Rg1 Rxd5 35. Qg8 Bh6 36. Qh8+ Ke7 37. a5 Be3 38. Qg7 Qxg1+ 39.
Qxg1 Bxg1 40. Kxg1 Rd1+ 41. Kf2 Ra1 42. b4 Ra2 43. Ke2 Rxc2+ 44. Kd3 Rxh2 45.
b5 Rh3+ 46. Kc4 Rg3 47. b6 cxb6 48. axb6 Rg8 49. Kc5 Rb8 50. Kd5 f4 51. b7 f3
52. Kc6 f2 53. Kd5 f1=Q 0-1

[Event "SR 5. liga SE-SI 2013/2014"]
[Site "?"]
[Date "2014.02.15"]
[Round "8.3"]
[White "Diviak, Rastislav"]
[Black "Sobek, Michal"]
[Result "1-0"]
[WhiteElo "1998"]
[BlackElo "1230"]
[PlyCount "73"]
[EventDate "2013.??.??"]

1. e4 e5 2. Nf3 Nc6 3. Bb5 Nf6 4. O-O d6 5. d3 Be7 6. c3 Bg4 7. Nbd2 O-O 8. Re1
a6 9. Ba4 b5 10. Bc2 Na5 11. Nf1 c5 12. h3 Be6 13. d4 Qc7 14. Bg5 Rfd8 15. Ng3
h6 16. Be3 Nc4 17. Bc1 a5 18. b3 Nb6 19. d5 Bd7 20. Nh4 Qc8 21. Nhf5 Bxf5 22.
Nxf5 Bf8 23. f4 c4 24. Qf3 cxb3 25. axb3 a4 26. fxe5 dxe5 27. Nxh6+ gxh6 28.
Qxf6 Qxc3 29. Rf1 Rd7 30. Bxh6 Bxh6 31. Qxh6 Qc5+ 32. Kh2 Qxc2 33. Rf3 Qxe4 34.
Rg3+ Qg6 35. Rxg6+ fxg6 36. Qxg6+ Kf8 37. Rf1+ 1-0

[Event "SR 5. liga SE-SI 2013/2014"]
[Site "?"]
[Date "2014.02.15"]
[Round "8.3"]
[White "Valigursky, Michal"]
[Black "Jocham, Wolfgang"]
[Result "1-0"]
[WhiteElo "1299"]
[BlackElo "1000"]
[PlyCount "67"]
[EventDate "2013.??.??"]

1. e4 e5 2. Nf3 Nc6 3. Bc4 Nf6 4. Ng5 d5 5. exd5 Nxd5 6. Nxf7 Qd7 7. Nxh8 Bc5
8. Qf3 Ncb4 9. Qh5+ g6 10. Qxe5+ Qe7 11. Qxe7+ Nxe7 12. Bb3 Bf5 13. c3 Nd3+ 14.
Ke2 O-O-O 15. Nf7 Nxf2 16. Nxd8 Bg4+ 17. Kf1 Kxd8 18. d4 Bxd4 19. cxd4 Nxh1 20.
Nc3 h5 21. Bg5 Kd7 22. Re1 Nf5 23. Be6+ Kd6 24. Bxf5 Bxf5 25. Kg1 c5 26. dxc5+
Kxc5 27. Kxh1 Kc4 28. Rd1 Be6 29. g3 Kb4 30. Kg2 a5 31. Be7+ Kc4 32. Kf2 b5 33.
Ke3 b4 34. Rd4# 1-0

[Event "SR 5. liga SE-SI 2013/2014"]
[Site "?"]
[Date "2014.02.15"]
[Round "8.3"]
[White "Hrdlicka, Martin"]
[Black "Valigursky, Martin"]
[Result "1/2-1/2"]
[WhiteElo "1007"]
[BlackElo "1000"]
[PlyCount "150"]
[EventDate "2013.??.??"]

1. d4 d5 2. c4 Nf6 3. Nc3 Bf5 4. Nf3 e6 5. Bg5 Bb4 6. e3 Nc6 7. Bd3 Bxd3 8.
Qxd3 h6 9. Bh4 g5 10. Bg3 Bd6 11. Be5 Bxe5 12. dxe5 Ng4 13. O-O Ncxe5 14. Nxe5
Nxe5 15. Qd4 f6 16. cxd5 exd5 17. Nxd5 Rh7 18. Rad1 Rd7 19. f4 c6 20. fxe5 Rxd5
21. Qg4 Qe7 22. Qh5+ Kd7 23. exf6 Qxe3+ 24. Kh1 Rxd1 25. Qxd1+ Kc7 26. Qh5 Qd3
27. Rg1 Rf8 28. Qxh6 Qd6 29. Qg7+ Kb6 30. Rf1 Qd3 31. Kg1 Qd4+ 32. Kh1 Qd3 33.
Rg1 Qd6 34. Qxg5 Rxf6 35. Qe3+ Qc5 36. Qxc5+ Kxc5 37. g4 Kd4 38. g5 Rg6 39. Rg3
Ke4 40. Kg2 Kf4 41. h4 b5 42. Kh3 a5 43. Rc3 Re6 44. Ra3 a4 45. b3 Re3+ 46. Kg2
Kg4 47. g6 Kxh4 48. g7 Rg3+ 49. Kf2 Rxg7 50. bxa4 b4 51. Rb3 c5 52. Ke3 Rd7 53.
Ke4 Kg5 54. a3 Rd4+ 55. Ke5 bxa3 56. Rxa3 Rd8 57. a5 c4 58. a6 Ra8 59. Kd4 Kf5
60. Kxc4 Ke6 61. Kc5 Kd7 62. Kb6 Rb8+ 63. Ka7 Rb5 64. Rc3 Rb4 65. Rc5 Rb3 66.
Rh5 Kc8 67. Rh8+ Kc7 68. Rh7+ Kc8 69. Rb7 Rc3 70. Rb5 Rc7+ 71. Rb7 Rc3 72. Rb8+
Kc7 73. Rb7+ Kc8 74. Rb6 Rc5 75. Rb7 Rc3 1/2-1/2

[Event "SR 5. liga SE-SI 2013/2014"]
[Site "?"]
[Date "2014.02.15"]
[Round "8.3"]
[White "Vozarova, Adriana"]
[Black "Svarc, Vaclav"]
[Result "1-0"]
[WhiteElo "1172"]
[BlackElo "1000"]
[PlyCount "45"]
[EventDate "2013.??.??"]

1. e4 e5 2. Nf3 Nc6 3. Nc3 Nf6 4. Bb5 Bb4 5. d3 d6 6. Bg5 Bg4 7. O-O O-O 8.
Bxc6 bxc6 9. Kh1 Rb8 10. Qd2 Bxf3 11. gxf3 d5 12. exd5 cxd5 13. a3 Bxc3 14.
bxc3 d4 15. cxd4 exd4 16. Rg1 Rb6 17. Bh6 Nh5 18. Rae1 Qd6 19. Bg5 Qxa3 20. Be7
Qa6 21. Bxf8 Kxf8 22. Qg5 Rb5 23. Qd8# 1-0

[Event "SR 5. liga SE-SI 2013/2014"]
[Site "?"]
[Date "2014.02.15"]
[Round "8.3"]
[White "Jocham, Matthias"]
[Black "Fajtakova, Silvia"]
[Result "0-1"]
[WhiteElo "1000"]
[BlackElo "1109"]
[PlyCount "48"]
[EventDate "2013.??.??"]

1. e4 e5 2. Qh5 Nf6 3. Qxe5+ Be7 4. Qg5 O-O 5. Bd3 Nxe4 6. Qf5 Nf6 7. b3 d5 8.
Qf4 Re8 9. Qa4 Nc6 10. Bb2 h6 11. Bxf6 Bxf6+ 12. Ne2 Bh4 13. g3 Bf6 14. O-O
Bxa1 15. Nbc3 Bxc3 16. dxc3 Bg4 17. f3 Bh3 18. Re1 d4 19. cxd4 Nxd4 20. Kf2
Nxe2 21. Rxe2 Rxe2+ 22. Bxe2 Qd2 23. Kg1 Qe1+ 24. Bf1 Qxf1# 0-1

[Event "SR 5. liga SE-SI 2013/2014"]
[Site "?"]
[Date "2014.02.15"]
[Round "8.4"]
[White "Kanka, Tomas"]
[Black "Tomasovic, Roman"]
[Result "1-0"]
[WhiteElo "1688"]
[BlackElo "1337"]
[PlyCount "64"]
[EventDate "2013.??.??"]

1. e4 e5 2. Nf3 Nc6 3. Bc4 Bc5 4. b4 Bxb4 5. c3 Be7 6. Qb3 Nh6 7. d4 Na5 8. Qa4
Nxc4 9. Qxc4 d6 10. Bxh6 gxh6 11. O-O f6 12. Nbd2 Qd7 13. h3 Qc6 14. Qd3 Rg8
15. Nh4 f5 16. Nxf5 Bxf5 17. d5 Bxe4 18. Nxe4 Qd7 19. f4 exf4 20. Rxf4 O-O-O
21. Qe3 b6 22. Rf7 Qe8 23. Raf1 Rd7 24. Qxh6 Bg5 25. Qe6 h6 26. Rxd7 Be3+ 27.
Kh1 Qxd7 28. Qxg8+ Kb7 29. Rf7 Qa4 30. Nxd6+ Ka6 31. Qc8+ Ka5 32. Nb7+ Kb5 1-0

[Event "SR 5. liga SE-SI 2013/2014"]
[Site "?"]
[Date "2014.02.15"]
[Round "8.4"]
[White "Tomasovic, Pavol"]
[Black "Klimes, Juraj"]
[Result "0-1"]
[WhiteElo "1302"]
[BlackElo "1571"]
[PlyCount "28"]
[EventDate "2013.??.??"]

1. e4 d6 2. d4 Nf6 3. Nc3 g6 4. h3 Bg7 5. Nf3 O-O 6. Bf4 Nbd7 7. Qd2 Re8 8.
O-O-O c5 9. e5 Nh5 10. Bh6 Bh8 11. g4 Ng7 12. Qf4 cxd4 13. Bc4 Ne6 14. Bxe6
fxe6 0-1

[Event "SR 5. liga SE-SI 2013/2014"]
[Site "?"]
[Date "2014.02.15"]
[Round "8.4"]
[White "Filipek, Norbert"]
[Black "Kridl, Oliver"]
[Result "1/2-1/2"]
[WhiteElo "1291"]
[BlackElo "1250"]
[PlyCount "82"]
[EventDate "2013.??.??"]

1. e4 e6 2. Nf3 d5 3. exd5 exd5 4. Be2 Nf6 5. O-O Bc5 6. d4 Bb6 7. Nc3 O-O 8.
Bg5 c6 9. Na4 Bc7 10. Ne5 Qd6 11. f4 Ne4 12. Bh4 f6 13. Ng4 Bxg4 14. Bxg4 g5
15. Bg3 f5 16. Be2 g4 17. Bd3 Nd7 18. a3 Ndf6 19. Be1 Kf7 20. Bb4 c5 21. Nxc5
Qb6 22. Nxe4 Qxd4+ 23. Kh1 fxe4 24. Bxf8 Rxf8 25. Be2 Qe3 26. Bxg4 Rg8 27. Bh3
h5 28. Qe1 Qc5 29. Qb4 Qc6 30. Rae1 Qa6 31. Qc5 Bb6 32. Qd6 Re8 33. Rc1 Qb5 34.
Qb4 Qc6 35. c4 d4 36. c5 a5 37. Qxb6 Qd5 38. Qd6 e3 39. Qxd5+ Nxd5 40. Rfe1 d3
41. Rcd1 d2 1/2-1/2

[Event "SR 5. liga SE-SI 2013/2014"]
[Site "?"]
[Date "2014.02.15"]
[Round "8.4"]
[White "Nereca, Tomas"]
[Black "Filipek, Pavol"]
[Result "0-1"]
[WhiteElo "1000"]
[BlackElo "1000"]
[PlyCount "64"]
[EventDate "2013.??.??"]

1. e4 e5 2. Nf3 Nc6 3. Bd3 Nf6 4. O-O Be7 5. Nc3 a6 6. b3 d6 7. Bc4 b5 8. Be2
O-O 9. Nd5 Nxd5 10. exd5 Nb4 11. c4 Bf6 12. a3 e4 13. Ra2 Nxa2 14. Qc2 Nxc1 15.
Rxc1 exf3 16. Bxf3 Bd7 17. Bd1 Re8 18. Qd3 Re1+ 19. Qf1 Rxf1+ 20. Kxf1 Bb2 21.
Rc2 Bxa3 22. cxb5 Bxb5+ 23. Kg1 Qe7 24. g3 Qe1+ 25. Kg2 Qxd1 26. Rxc7 Qxd2 27.
Rd7 Bxd7 28. h4 Qxd5+ 29. Kf1 Re8 30. Kg1 Bh3 31. f3 Qxf3 32. g4 Qg2# 0-1

[Event "SR 5. liga SE-SI 2013/2014"]
[Site "?"]
[Date "2014.02.15"]
[Round "8.5"]
[White "Jarabek, Milan"]
[Black "Brunovsky, Peter"]
[Result "0-1"]
[WhiteElo "1744"]
[BlackElo "1829"]
[PlyCount "38"]
[EventDate "2013.??.??"]

1. e4 c6 2. d4 d5 3. Nc3 dxe4 4. Nxe4 Nf6 5. Ng3 g6 6. Nf3 Bg7 7. Bc4 O-O 8.
Bg5 Bg4 9. c3 Qa5 10. h4 Nbd7 11. Qd3 Rad8 12. O-O-O b5 13. Bb3 Nc5 14. Qe3
Nxb3+ 15. axb3 Be6 16. h5 Bxb3 17. hxg6 Qa1+ 18. Kd2 Qxb2+ 19. Kd3 Bc4# 0-1

[Event "SR 5. liga SE-SI 2013/2014"]
[Site "?"]
[Date "2014.02.15"]
[Round "8.5"]
[White "Zlamal, Marek"]
[Black "Zajicek, Ferdinand"]
[Result "0-1"]
[WhiteElo "1638"]
[BlackElo "1823"]
[PlyCount "60"]
[EventDate "2013.??.??"]

1. e4 c5 2. Nf3 d6 3. Bc4 h6 4. d3 Nf6 5. Be3 Nc6 6. Nbd2 Qb6 7. Bb3 e5 8. c3
Be7 9. Qc2 O-O 10. O-O Be6 11. h3 Rac8 12. Nh2 Nh5 13. f4 exf4 14. Bf2 Bxb3 15.
axb3 Ng3 16. Bxg3 fxg3 17. Nhf3 f5 18. exf5 Rxf5 19. Nc4 Qc7 20. d4 Rcf8 21.
Ne3 R5f7 22. dxc5 Ne5 23. Nxe5 dxe5 24. Rxf7 Rxf7 25. b4 Rf2 26. Qb3+ Kh7 27.
Nd5 Qd7 28. Nxe7 Qxe7 29. Rxa7 Qf6 30. Qc4 Rxg2+ 0-1

[Event "SR 5. liga SE-SI 2013/2014"]
[Site "?"]
[Date "2014.02.15"]
[Round "8.5"]
[White "Kastler, Peter"]
[Black "Antalek, Rudolf"]
[Result "1/2-1/2"]
[WhiteElo "1710"]
[BlackElo "1533"]
[PlyCount "57"]
[EventDate "2013.??.??"]

1. d4 Nf6 2. c4 g6 3. Nc3 d5 4. e3 e6 5. Nf3 Bg7 6. Bd3 O-O 7. O-O Nbd7 8. b3
c5 9. Ba3 Qc7 10. Rc1 b6 11. cxd5 exd5 12. dxc5 Nxc5 13. Na4 Bd7 14. b4 Bxa4
15. Qe2 Nfd7 16. bxc5 bxc5 17. Bc2 Bxc2 18. Qxc2 Rfc8 19. Rfd1 Qd6 20. Qd3 Nb6
21. Nd2 Bf8 22. Nb3 c4 23. Bxd6 cxd3 24. Bxf8 Rxc1 25. Nxc1 Kxf8 26. Nxd3 Rc8
27. Rc1 Rxc1+ 28. Nxc1 Ke7 29. Kf1 1/2-1/2

[Event "SR 5. liga SE-SI 2013/2014"]
[Site "?"]
[Date "2014.02.15"]
[Round "8.5"]
[White "Spanik, Ondrej"]
[Black "Papanek, Lubomir"]
[Result "1/2-1/2"]
[WhiteElo "1230"]
[BlackElo "1635"]
[PlyCount "70"]
[EventDate "2013.??.??"]

1. e4 e5 2. Nf3 Nc6 3. Bc4 Nf6 4. Nc3 Be7 5. d3 d6 6. Bg5 O-O 7. O-O Na5 8. Bb3
Nxb3 9. cxb3 Bg4 10. h3 Bxf3 11. Qxf3 c6 12. Rfc1 Nd7 13. Bxe7 Qxe7 14. g4 Nc5
15. Rd1 Ne6 16. Qg3 Nf4 17. Kf1 g5 18. f3 Kg7 19. Ne2 Ng6 20. d4 f6 21. d5 cxd5
22. Rxd5 Rac8 23. Qe1 Rc2 24. Qd1 Rc6 25. Rc1 Rfc8 26. Rxc6 Rxc6 27. Rd3 Qc7
28. Rc3 Ne7 29. Rxc6 Qxc6 30. Qc1 d5 31. Qxc6 bxc6 32. exd5 cxd5 33. Nc3 Kf7
34. Nb5 Nc8 35. Ke2 Ke6 1/2-1/2

[Event "SR 5. liga SE-SI 2013/2014"]
[Site "?"]
[Date "2014.03.01"]
[Round "9.1"]
[White "Tomasovic, Roman"]
[Black "Jarabek, Milan"]
[Result "0-1"]
[WhiteElo "1337"]
[BlackElo "1744"]
[PlyCount "83"]
[EventDate "2013.??.??"]

1. d4 Nf6 2. c4 c5 3. e3 cxd4 4. exd4 d5 5. c5 Nc6 6. Nf3 Bg4 7. Be2 g6 8. O-O
Bg7 9. Be3 O-O 10. h3 Bxf3 11. Bxf3 e6 12. Nd2 Nd7 13. Nb3 f5 14. Qd2 Rf7 15.
Rad1 Qf8 16. g3 Nf6 17. Bg2 Ne4 18. Qc2 Re8 19. a3 h6 20. Kh2 g5 21. f4 Rf6 22.
Qe2 Qf7 23. Bxe4 gxf4 24. gxf4 fxe4 25. Rf2 Ne7 26. Rg1 Nf5 27. Rfg2 Kh8 28.
Qe1 Rg8 29. Bf2 Qc7 30. Qd2 Rff8 31. Nc1 Bf6 32. Ne2 Rxg2+ 33. Rxg2 Rg8 34.
Rxg8+ Kxg8 35. Ng3 Nh4 36. Kh1 Nf3 37. Qe3 Bxd4 38. Qe2 Qxc5 39. Bxd4 Qxd4 40.
Qg2 Qd1+ 41. Nf1+ Kf7 42. Qf2 0-1

[Event "SR 5. liga SE-SI 2013/2014"]
[Site "?"]
[Date "2014.03.01"]
[Round "9.1"]
[White "Harasta, Marian"]
[Black "Tomasovic, Pavol"]
[Result "1-0"]
[WhiteElo "1619"]
[BlackElo "1302"]
[PlyCount "47"]
[EventDate "2013.??.??"]

1. d4 d5 2. c4 e6 3. Qc2 Nf6 4. Nf3 Be7 5. c5 O-O 6. e3 c6 7. Bd3 h6 8. Ne5
Nbd7 9. Nxd7 Bxd7 10. Nd2 Qc7 11. Nf3 b6 12. b4 a5 13. Bd2 axb4 14. Bxb4 bxc5
15. Bxc5 Qa5+ 16. Ke2 Bxc5 17. Qxc5 Qxc5 18. dxc5 Ra5 19. Rhc1 Bc8 20. Nd4 Bb7
21. a3 Rc8 22. Rab1 Ba6 23. Bxa6 Rxa6 24. Rb6 1-0

[Event "SR 5. liga SE-SI 2013/2014"]
[Site "?"]
[Date "2014.03.01"]
[Round "9.1"]
[White "Filipek, Norbert"]
[Black "Drabek, Martin"]
[Result "1/2-1/2"]
[WhiteElo "1291"]
[BlackElo "1456"]
[PlyCount "81"]
[EventDate "2013.??.??"]

1. e4 e5 2. Nf3 Nc6 3. d4 exd4 4. Nxd4 Qf6 5. Nxc6 Qxc6 6. Nc3 Bb4 7. Qd3 Bxc3+
8. bxc3 Nf6 9. f3 O-O 10. Be2 d5 11. exd5 Nxd5 12. O-O Nxc3 13. Re1 Nxe2+ 14.
Rxe2 Be6 15. Qe4 Qxe4 16. Rxe4 Rfd8 17. Bf4 c6 18. a3 Bf5 19. Re7 b5 20. Be3 a6
21. Rc1 Re8 22. Rxe8+ Rxe8 23. Kf2 f6 24. c4 Rd8 25. cxb5 cxb5 26. Rc6 Ra8 27.
Rc5 Be6 28. Rc6 Bd5 29. Rb6 Bc4 30. h3 a5 31. Bd2 a4 32. Kg3 Rd8 33. Bb4 Rd5
34. Rb8+ Kf7 35. Rb7+ Kg6 36. h4 Rd8 37. Kg4 h5+ 38. Kg3 Rg8 39. Rc7 Kh6 40.
Bc3 Rf8 41. Bd2+ 1/2-1/2

[Event "SR 5. liga SE-SI 2013/2014"]
[Site "?"]
[Date "2014.03.01"]
[Round "9.1"]
[White "Spacek, Jan"]
[Black "Osadsky, Jan st"]
[Result "1/2-1/2"]
[WhiteElo "1104"]
[BlackElo "1000"]
[PlyCount "120"]
[EventDate "2013.??.??"]

1. e4 e5 2. Nf3 Nc6 3. Bc4 Nf6 4. d3 d6 5. Ng5 Qe7 6. Nxf7 Rg8 7. Bg5 Be6 8.
Nxd6+ cxd6 9. Bxf6 gxf6 10. Qh5+ Kd7 11. Nd2 Nd4 12. O-O-O Rxg2 13. Nf3 Ne2+
14. Kb1 Rxf2 15. Bxe6+ Qxe6 16. Qxh7+ Be7 17. Rhf1 Rxf1 18. Rxf1 Rg8 19. Rd1
Rg2 20. h3 Nd4 21. Nxd4 exd4 22. Qh5 Qg8 23. Qf5+ Kc7 24. Qa5+ Kb8 25. h4 b6
26. Qf5 Rg1 27. Rc1 Rxc1+ 28. Kxc1 Qg1+ 29. Kd2 Qh2+ 30. Kd1 Qxh4 31. Qg6 Kc7
32. c3 dxc3 33. bxc3 Qh1+ 34. Kc2 Qh2+ 35. Kb3 a5 36. Qf7 Qe5 37. Qc4+ Qc5 38.
Qa6 d5 39. d4 Qa3+ 40. Kc2 Qxa2+ 41. Kd3 Qb1+ 42. Kd2 Qxe4 43. Qa7+ Kc6 44.
Qa8+ Kb5 45. Qe8+ Kc4 46. Qc6+ Bc5 47. Qa4+ Bb4 48. Qc6+ Kb3 49. cxb4 Qxd4+ 50.
Ke2 Qxb4 51. Qxd5+ Qc4+ 52. Qxc4+ Kxc4 53. Kd2 b5 54. Kc2 b4 55. Kd2 b3 56. Ke3
b2 57. Kf4 b1=Q 58. Ke3 Qd3+ 59. Kf2 Kd4 60. Ke1 Ke3 1/2-1/2

[Event "SR 5. liga SE-SI 2013/2014"]
[Site "?"]
[Date "2014.03.01"]
[Round "9.1"]
[White "Osadsky, Jan"]
[Black "Parizek, Ondrej"]
[Result "0-1"]
[WhiteElo "1190"]
[BlackElo "1000"]
[PlyCount "34"]
[EventDate "2013.??.??"]

1. e4 e5 2. Nf3 Nf6 3. Nc3 Nc6 4. Bb5 Bb4 5. d3 d6 6. Bc4 Bg4 7. Bg5 h6 8. Be3
O-O 9. O-O Bc5 10. Qe2 Bxe3 11. Qxe3 Nb4 12. Bb3 Be6 13. a3 Bxb3 14. axb4 Bxc2
15. Ne2 d5 16. exd5 Nxd5 17. Rac1 Nxe3 0-1

[Event "SR 5. liga SE-SI 2013/2014"]
[Site "?"]
[Date "2014.03.01"]
[Round "9.2"]
[White "Klimes, Karel"]
[Black "Huska, Branislav"]
[Result "1/2-1/2"]
[WhiteElo "1651"]
[BlackElo "1575"]
[PlyCount "38"]
[EventDate "2013.??.??"]

1. e4 c5 2. Nf3 d6 3. Bc4 Nc6 4. c3 Nf6 5. d3 g6 6. Bg5 Bg7 7. Nbd2 O-O 8. O-O
Na5 9. Bb5 a6 10. Ba4 b5 11. Bc2 Qc7 12. Rc1 h6 13. Bh4 Bb7 14. d4 cxd4 15.
cxd4 e6 16. e5 Nd7 17. Be7 Rfc8 18. Bxd6 Qb6 19. Be4 Rxc1 1/2-1/2

[Event "SR 5. liga SE-SI 2013/2014"]
[Site "?"]
[Date "2014.03.01"]
[Round "9.2"]
[White "Klimes, Juraj"]
[Black "Sobek, Michal"]
[Result "1-0"]
[WhiteElo "1571"]
[BlackElo "1230"]
[PlyCount "51"]
[EventDate "2013.??.??"]

1. e4 e5 2. Nf3 Nc6 3. Bc4 Nf6 4. O-O Nxe4 5. Re1 d5 6. Bb5 Bc5 7. d4 Bd6 8.
dxe5 Bc5 9. Be3 Bxe3 10. Rxe3 O-O 11. Nc3 Nxc3 12. Rxc3 Ne7 13. Qd4 Nf5 14. Qf4
c6 15. Bd3 Ne7 16. Qh4 Nf5 17. Qf4 Ne7 18. Re1 Be6 19. Re3 Ng6 20. Qb4 b6 21.
Rxc6 Ne7 22. Rd6 Qc7 23. Ng5 Nc8 24. Nxe6 fxe6 25. Rxe6 Qd7 26. Qg4 1-0

[Event "SR 5. liga SE-SI 2013/2014"]
[Site "?"]
[Date "2014.03.01"]
[Round "9.2"]
[White "Valigursky, Michal"]
[Black "Macalka, Ondrej"]
[Result "0-1"]
[WhiteElo "1299"]
[BlackElo "1492"]
[PlyCount "46"]
[EventDate "2013.??.??"]

1. e4 c5 2. Nf3 d6 3. Bc4 Nf6 4. d3 e6 5. Bg5 Be7 6. c3 a6 7. Nbd2 b5 8. Bb3
Bb7 9. O-O O-O 10. Nh4 h6 11. Be3 Nxe4 12. Nxe4 Bxh4 13. f4 Be7 14. Qe2 Nd7 15.
Qf2 Nf6 16. Bc2 c4 17. Nxf6+ Bxf6 18. d4 Qc7 19. Qg3 Qc6 20. f5 Bh4 21. Qg4 h5
22. Qe2 Rfe8 23. Qd2 exf5 0-1

[Event "SR 5. liga SE-SI 2013/2014"]
[Site "?"]
[Date "2014.03.01"]
[Round "9.2"]
[White "Kridl, Oliver"]
[Black "Vozarova, Adriana"]
[Result "1-0"]
[WhiteElo "1250"]
[BlackElo "1172"]
[PlyCount "49"]
[EventDate "2013.??.??"]

1. e4 e5 2. Nf3 Nc6 3. d4 exd4 4. Nxd4 Bc5 5. Be3 Bxd4 6. Bxd4 d6 7. Bxg7 Nf6
8. Bxh8 Be6 9. Bxf6 Qxf6 10. Nc3 O-O-O 11. Bb5 Ne7 12. Qf3 Qg6 13. Bd3 f5 14.
O-O-O Kb8 15. Kb1 fxe4 16. Bxe4 Bg4 17. Bxg6 Bxf3 18. gxf3 Nxg6 19. Rhg1 Rf8
20. Rde1 Ne5 21. Rg7 Nxf3 22. Ree7 Rc8 23. Rxh7 Ne5 24. a3 a6 25. Nd5 1-0

[Event "SR 5. liga SE-SI 2013/2014"]
[Site "?"]
[Date "2014.03.01"]
[Round "9.2"]
[White "Fajtakova, Silvia"]
[Black "Babic, Stefan"]
[Result "1-0"]
[WhiteElo "1109"]
[BlackElo "1111"]
[PlyCount "85"]
[EventDate "2013.??.??"]

1. e4 e5 2. Nf3 Nc6 3. Nc3 Bc5 4. Nxe5 Nxe5 5. d4 Bxd4 6. Qxd4 Qf6 7. Qe3 Ne7
8. Bd2 O-O 9. O-O-O d6 10. f4 Ng4 11. Qg3 Nc6 12. h3 Nh6 13. Nd5 Qd8 14. e5 g6
15. Bd3 dxe5 16. fxe5 Qxd5 17. Bxh6 Qxe5 18. Qxe5 Nxe5 19. Bxf8 Kxf8 20. Rhe1
Nc6 21. Bc4 a6 22. Rf1 f5 23. Bd5 Bd7 24. Bxc6 Bxc6 25. g4 Bg2 26. Rf2 Bxh3 27.
gxf5 Bxf5 28. Rd7 Kg8 29. Rxc7 Rb8 30. Re2 Rc8 31. Rxc8+ Bxc8 32. Re8+ Kg7 33.
Rxc8 g5 34. Rc3 g4 35. Rg3 h5 36. Kd2 Kg6 37. c4 Kg5 38. Ke3 h4 39. Rg1 g3 40.
Kf3 a5 41. a3 a4 42. b4 Kf5 43. b5 1-0

[Event "SR 5. liga SE-SI 2013/2014"]
[Site "?"]
[Date "2014.03.01"]
[Round "9.3"]
[White "Simek, Adam"]
[Black "Pipiska, Adam"]
[Result "0-1"]
[WhiteElo "1000"]
[BlackElo "1737"]
[PlyCount "36"]
[EventDate "2013.??.??"]

1. e4 e5 2. Nf3 Nc6 3. Bc4 Nf6 4. d3 Be7 5. O-O d6 6. Nc3 Bg4 7. Bg5 h6 8. h3
Bxf3 9. Qxf3 hxg5 10. Nd5 Qd7 11. Nxf6+ gxf6 12. b4 O-O-O 13. b5 Nd4 14. Qe3 g4
15. c3 gxh3 16. cxd4 hxg2 17. Kxg2 Rdg8+ 18. Kf3 Qg4# 0-1

[Event "SR 5. liga SE-SI 2013/2014"]
[Site "?"]
[Date "2014.03.01"]
[Round "9.3"]
[White "Buran, Andrej"]
[Black "Klempa, Martin"]
[Result "1-0"]
[WhiteElo "1392"]
[BlackElo "1000"]
[PlyCount "41"]
[EventDate "2013.??.??"]

1. d4 d5 2. c4 c6 3. Nc3 Nf6 4. Bg5 Nbd7 5. e3 e6 6. a3 Be7 7. Nf3 Nb6 8. cxd5
exd5 9. Be2 h6 10. Bh4 g5 11. Bg3 Nh5 12. O-O Nxg3 13. fxg3 h5 14. Ne5 f6 15.
Bxh5+ Kf8 16. Ng6+ Kg8 17. Nxh8 Kxh8 18. Bf7 Qf8 19. Qh5+ Kg7 20. Bg6 Be6 21.
Qh7# 1-0

[Event "SR 5. liga SE-SI 2013/2014"]
[Site "?"]
[Date "2014.03.01"]
[Round "9.3"]
[White "Jankovic, Vit"]
[Black "Hrdlicka, Martin"]
[Result "1/2-1/2"]
[WhiteElo "1000"]
[BlackElo "1007"]
[PlyCount "37"]
[EventDate "2013.??.??"]

1. e4 e5 2. Nf3 Nc6 3. Nc3 Nf6 4. Bc4 Bc5 5. O-O O-O 6. d3 d6 7. Bg5 Be6 8.
Bxe6 fxe6 9. a3 Qd7 10. Rb1 a5 11. Bxf6 Rxf6 12. Ng5 Raf8 13. Kh1 Bxf2 14. Nf3
Bb6 15. h3 Nd4 16. Kh2 R6f7 17. Rc1 d5 18. a4 c6 19. Nb1 1/2-1/2

[Event "SR 5. liga SE-SI 2013/2014"]
[Site "?"]
[Date "2014.03.01"]
[Round "9.3"]
[White "Svarc, Vaclav"]
[Black "Kurthyova, Viktoria"]
[Result "1-0"]
[WhiteElo "1000"]
[BlackElo "1000"]
[PlyCount "107"]
[EventDate "2013.??.??"]

1. e4 e5 2. Nf3 Nf6 3. Nc3 Nc6 4. Bb5 d6 5. d3 Bg4 6. Bg5 Be7 7. Qd2 O-O 8. O-O
a6 9. Bxc6 bxc6 10. Qe3 d5 11. Nxe5 dxe4 12. dxe4 Qd6 13. Bxf6 Bxf6 14. Nxg4
Be7 15. e5 Qe6 16. Rad1 f5 17. Nh6+ Qxh6 18. Qxh6 gxh6 19. Rd7 Bd8 20. e6 Bf6
21. Rxc7 Rab8 22. Rxc6 Rxb2 23. e7 Re8 24. Rxf6 Rxc2 25. Nd5 a5 26. a4 Ra2 27.
Nc7 Rxe7 28. Nb5 Rxa4 29. Nc3 Rb4 30. Rxf5 a4 31. Ra5 Reb7 32. f3 Rb3 33. Nxa4
Rb1 34. Rxb1 Rxb1+ 35. Kf2 Ra1 36. g4 Ra2+ 37. Kg3 Kg7 38. Ra7+ Kg6 39. h4 Ra3
40. h5+ Kg5 41. Ra5+ Kf6 42. Ra6+ Kg7 43. Nc5 Rc3 44. Ne6+ Kg8 45. Ra8+ Kf7 46.
Ra6 Re3 47. Kf4 Rxe6 48. Ra7+ Kg8 49. g5 hxg5+ 50. Kxg5 Re3 51. f4 Kh8 52. Kf6
Kg8 53. Ra8+ Re8 54. Rxe8# 1-0

[Event "SR 5. liga SE-SI 2013/2014"]
[Site "?"]
[Date "2014.03.01"]
[Round "9.4"]
[White "Hrubsa, Marian"]
[Black "Ocko, Martin"]
[Result "0-1"]
[WhiteElo "1801"]
[BlackElo "1736"]
[PlyCount "38"]
[EventDate "2013.??.??"]

1. e4 c5 2. Nf3 Nc6 3. d4 cxd4 4. Nxd4 g6 5. Nc3 Bg7 6. Be3 Nf6 7. Be2 O-O 8.
O-O d5 9. exd5 Nxd5 10. Nxd5 Qxd5 11. Nxc6 Qxc6 12. c3 Bf5 13. Qb3 Be4 14. Bb5
Qd5 15. Bc4 Qh5 16. Rae1 Bc6 17. Rd1 Be5 18. f4 Bd6 19. Be2 Qxe2 0-1

[Event "SR 5. liga SE-SI 2013/2014"]
[Site "?"]
[Date "2014.03.01"]
[Round "9.4"]
[White "Diviak, Rudolf"]
[Black "Bartos, Bohumil"]
[Result "1/2-1/2"]
[WhiteElo "1797"]
[BlackElo "1507"]
[PlyCount "60"]
[EventDate "2013.??.??"]

1. e4 c5 2. Bc4 d6 3. Qe2 Nc6 4. c3 Nf6 5. Nf3 e6 6. Bb3 Be7 7. d3 O-O 8. O-O
Qc7 9. Re1 e5 10. Nbd2 a6 11. Nf1 Be6 12. Bc2 b5 13. Ng3 g6 14. h3 Rfe8 15. Ng5
Bf8 16. Nxe6 fxe6 17. Bg5 Bg7 18. Bb3 Na5 19. Bc2 Rac8 20. Qd2 Kh8 21. f4 exf4
22. Bxf4 e5 23. Bg5 Ng8 24. Rf1 Rf8 25. Rxf8 Rxf8 26. Rf1 Rxf1+ 27. Nxf1 Bf6
28. Be3 Ne7 29. Qf2 Ng8 30. b4 Nb7 1/2-1/2

[Event "SR 5. liga SE-SI 2013/2014"]
[Site "?"]
[Date "2014.03.01"]
[Round "9.4"]
[White "Danihel, Jozef"]
[Black "Ulehla, Jakub"]
[Result "1-0"]
[WhiteElo "1553"]
[BlackElo "1111"]
[PlyCount "85"]
[EventDate "2013.??.??"]

1. d4 d5 2. c4 e6 3. a3 Nf6 4. Bg5 Be7 5. Nc3 O-O 6. e3 Nc6 7. Nf3 b6 8. Rc1
Bb7 9. Bd3 Qd6 10. Nb5 Qd7 11. Ne5 Nxe5 12. dxe5 Ne4 13. Bxe4 Bxg5 14. Qd3 h6
15. h4 Bd8 16. Bf3 c6 17. Nd6 Be7 18. cxd5 exd5 19. Nf5 Qe6 20. Nxe7+ Qxe7 21.
Qc3 Rad8 22. Bd1 c5 23. Bc2 d4 24. Qd3 g6 25. h5 dxe3 26. Qxe3 g5 27. O-O Qe6
28. Qg3 Rd2 29. Bb3 Qc6 30. e6 fxe6 31. Rcd1 Rfd8 32. Rxd2 Rxd2 33. Re1 Rd6 34.
Ba4 b5 35. Bxb5 Qd5 36. Bc4 Qc6 37. Be2 Ba6 38. Bf3 Qb6 39. Qe5 Kf7 40. Qh8 e5
41. Qxe5 Qc7 42. Qf5+ Rf6 43. Qh7+ 1-0